Thinking mathematically

Αποθηκεύτηκε σε:
Λεπτομέρειες βιβλιογραφικής εγγραφής
Κύριος συγγραφέας: Mason, John 1944-
Άλλοι συγγραφείς: Burton, Leone 1936-, Stacey, Kaye 1948
Μορφή: Βιβλίο
Γλώσσα:English
Δημοσίευση: London : Prentice Hall, [c1985]
Θέματα:
Ετικέτες: Προσθήκη ετικέτας
Δεν υπάρχουν, Καταχωρήστε ετικέτα πρώτοι!

MARC

LEADER 00000nam a2200000 i 4500
001 1/42296
008 070313s1985 eng d
020 |a 978-0-201-10238-3 
020 |a 0-201-10238-2 
035 |l 10087307 
040 |a GR-MY-UA  |b gre  |e aacr 
041 0 |a eng 
082 0 |a 510  |2 (22) 
100 1 |a Mason, John  |d 1944- 
245 1 0 |a Thinking mathematically /  |c by John Mason ; Leone Burton and Kaye Stacey 
260 |a London :   |b Prentice Hall,   |c [c1985] 
300 |a xii, 208 σ.;  |c 24 εκ. 
504 |a Βιβλιοφραφία: σ. 201-202. Ευρετήριο 
650 0 0 |a Mathematics. 
700 1 |a Burton, Leone  |d 1936- 
700 1 |a Stacey, Kaye  |d 1948. 
852 |a INST  |b RHODES  |e 20070313  |h 510 MAS  |p 005400026860  |q 005400026860  |t BK  |y 0 
901 |a BIBL4-2007-1 
909 |a Ρ  |b 132509 
920 |a ΑΝΑΜΟΡΦΩΣΗ  |b ΕΠΕΑΕΚ ΙΙ - ΤΕΠΑΕΣ  |y ΡΟΔΟΣ  |z 2006-12 
970 |a ΜΙΣΣΟΣ  |b ΣΤΑΥΡΟΣ  |z 2007/03/13